000
00503nam a2200169Ia 4500
008
090711s9999 xx 000 0 und d
082
_b
78372
100
_a
सप्रे Sाौधरी विद्या
245
_a
नादनदी
260
_c
1996
300
_a
708
600
_a
सप्रे Sाौधरी विद्या
630
_a
नादनदी
700
_a
सप्रे Sाौधरी विद्या
730
_a
नादनदी
942
_c
BOOK
999
_c
302556
_d
302556